000 01225nam a2200337 a 4500
001 000108551
003 CHAP
005 20220629115418.0
008 140224s2012 mx a |sm |||||||spa|d
010 _a105013
011 _a105985
040 _cCHAP
090 _aTesis
100 1 _aSerrano Solís, José Miguel
_9125574
245 1 0 _aCaracterización de bacterias ácido lácticas aisladas del queso fresco artesanal de Mazatán, Sonora
_h[En línea]
_cpor José Miguel Serrano Solís.
260 _aChapingo, Méx. :
_bEl autor,
_c2012.
500 _aPara ver el contenido del material haga clic en la liga
502 _aTesis (Ing.Agroindustrial ) -- UACH. Departamento de Ingeniería Agroindustrial
590 _aBATCH-UPD
_b05
_c20140324
_lUCH01
_h1535
590 _aBATCH-UPD
_b05
_c20141002
_lUCH01
_h0856
590 _aE792CSJ
_b05
_c20140224
_lUCH01
_h1016
590 _aE792CSJ
_b05
_c20140224
_lUCH01
_h1017
650 1 4 _aBacterias acidolácticas.
_99323
650 1 4 _aQueso fresco
_993245
650 1 4 _aQueso
_xBacteriología.
_993223
650 1 4 _aQueso
_xProcesado.
_993233
856 _aFinding aid
_uhttp://10.13.5.2/tesis/sist108551.pdf
_zTeclea aquí
901 _aBK
942 _cTESIS
942 _n0
999 _c105013
_d105013